ბათუმის შოთა რუსთაველის სახელმწიფო უნივერსიტეტის ბიბლიოთეკა

The politics of the European Union / (ბიბ.ჩანაწერი № 57942)

000 -LEADER
fixed length control field 00794cam a2200217 i 4500
001 - CONTROL NUMBER
control field 18570304
005 - DATE AND TIME OF LATEST TRANSACTION
control field 20221111101431.0
008 - FIXED-LENGTH DATA ELEMENTS--GENERAL INFORMATION
fixed length control field 150409s2015 enk b 001 0 eng
020 ## - INTERNATIONAL STANDARD BOOK NUMBER
International Standard Book Number 9781107118744x
080 ## - UNIVERSAL DECIMAL CLASSIFICATION NUMBER
Universal Decimal Classification number 327(4) L-52
100 1# - MAIN ENTRY--PERSONAL NAME
Personal name Lelieveldt, Herman
Dates associated with a name
9 (RLIN) 11055
245 14 - TITLE STATEMENT
Title The politics of the European Union /
Statement of responsibility, etc. Herman Lelieveldt and Sebastiaan Princen.
250 ## - EDITION STATEMENT
Edition statement Second edition.
264 #1 - PRODUCTION, PUBLICATION, DISTRIBUTION, MANUFACTURE, AND COPYRIGHT NOTICE
Place of production, publication, distribution, manufacture Cambridge, United Kingdom :
Name of producer, publisher, distributor, manufacturer Cambridge University Press,
Date of production, publication, distribution, manufacture, or copyright notice 2015.
300 ## - PHYSICAL DESCRIPTION
Extent 315 pages ;
Dimensions 26 cm.
653 ## - INDEX TERM--UNCONTROLLED
keyword The Politics of the European Union
653 ## - INDEX TERM--UNCONTROLLED
keyword ევროკავშირის პოლიტიკა
653 ## - INDEX TERM--UNCONTROLLED
keyword Политика Европейского Союза
700 1# - ADDED ENTRY--PERSONAL NAME
Personal name Princen, Sebastiaan.
9 (RLIN) 11060
Relator term ავტორი
942 ## - ADDED ENTRY ELEMENTS (KOHA)
Source of classification or shelving scheme
Koha item type წიგნი
ეგზემპლარები
Withdrawn status Lost status Source of classification or shelving scheme Damaged status Not for loan Permanent Location Current Location Shelving location Date acquired Cost, normal purchase price Full call number Barcode Date last seen Copy number Price effective from Koha item type Public note
          ბათუმის შოთა რუსთაველის სახელმწიფო უნივერსიტეტის მთავარი ბიბლიოთეკა ბათუმის შოთა რუსთაველის სახელმწიფო უნივერსიტეტის მთავარი ბიბლიოთეკა წიგნსაცავი 2021-04-05 84.00 327(4) L-52 54123 2021-04-05 54123 2021-04-05 წიგნი 84.00 GEL.
          ბათუმის შოთა რუსთაველის სახელმწიფო უნივერსიტეტის მთავარი ბიბლიოთეკა ბათუმის შოთა რუსთაველის სახელმწიფო უნივერსიტეტის მთავარი ბიბლიოთეკა წიგნსაცავი 2021-04-05 84.00 327(4) L-52 54124 2021-04-05 54124 2021-04-05 წიგნი 84.00 GEL.